| 000 | 00363nam a2200145Ia 4500 | ||
|---|---|---|---|
| 008 | 230711s9999||||xx |||||||||||||| ||und|| | ||
| 041 | _aENG | ||
| 082 |
_a621 _bED-E |
||
| 100 | _aEdminister,J.A | ||
| 245 | 0 | _aElectric circuit | |
| 250 | _a2nd | ||
| 260 |
_c1983 _aNew Delhi _bTata McGraw Hill Education Limited |
||
| 650 | _aElectronics Engineering | ||
| 942 | _cBK | ||
| 999 |
_c2364 _d2364 |
||